000 00452nam a2200181Ia 4500
001 2573
005 20260306144817.0
008 260306t2012||||xx |||||||||||||| ||spa||
041 _aESP
082 _a616.89143
_bS17
100 _aSalama Penhos, Héctor
_eAUT
245 0 _aGestalt 2.0:
_bactualización en Psicología Gestalt
260 _c2012
300 _a134 páginas :
_c23 cm.
650 _aGEN
654 _aCPS
942 _cLIB
_dJUS
_fJUS
_2ddc
_n
999 _c2573
_d2573